Arctic Seas Map Quiz - Statistics

General Stats
  • This quiz has been taken 155 times
  • The average score is 9 of 13
Answers on the Map
Answers color-coded by a green-red scale on the quiz's map according to % correct below.
 
Answer Stats
Answer % Correct
Norwegian Sea
94%
Greenland Sea
91%
Bering Sea
81%
Northwestern Passages
76%
East Siberian Sea
73%
White Sea
72%
Laptev Sea
70%
Baffin Bay
67%
Kara Sea
58%
Beaufort Sea
54%
Barents Sea
51%
Lincoln Sea
50%
Chukchi Sea
44%
No matching quizzes found
Score Distribution
Percent of People with Each Score
Percentile by Number Answered
Your Score History
You have not taken this quiz